Регионална библиотека "Любен Каравелов" - Русе

Срещу вятъра (Запис номер 141525)

MARC детайли
000 -Лидер
Контролно поле с фиксирана дължина 02000nam a2200421 c 4500
003 - Код на организацията, давaща контролен номер
Контролно поле BLK
005 - Дата и час на последна редакция
Контролно поле 20180422112338.0
008 - Елементи от данни с фиксирана дължина
fixed length control field 180409b bul|||||r ||||||| ||bul||
010 ## - Наследен системен номер
LC control number KNG00147596000
040 ## - Източник на каталожния запис
Идентификатор на билиотеката - собственик на записа BLK
041 ## - Код за език
Код за езика на текст/звукозапис или на отделно заглавие Български
Код за езика КДБФ Български
080 ## - УДК
Текстов определител УДК Българска литература
УДК код - определител по УДК 821.163.2
УДК определител -93-32
УДК - код + определител 821.163.2-93-32
080 ## - УДК
Текстов определител УДК Политически и национални младежки движения
УДК код - определител по УДК 329.78
УДК определител (497.2)РМС(092)(0:82-32)
УДК - код + определител 329.78(497.2)РМС(092)(0:82-32)
080 ## - УДК
Текстов определител УДК Деец на революционното млад. движение в България
УДК код - определител по УДК 929 Чонос, Боян Иванов
УДК определител
УДК - код + определител 929 Чонос, Боян Иванов
100 1# - Редна дума - Автор
Автор Николов, Марчо
Авторска отговорност първи автор
R(LIN) 379519
139 ## - Редно поле
Редна дума Николов, Марчо
Авторски знак Николо - Н 74
245 10 - Сведения за заглавието
Заглавие Срещу вятъра
Подзаглавни данни Разкази за Боян Чонос : За средна училищна възраст
Редно поле (дума) Марчо Николов; худож. Георги Василев Трифонов.
257 ## - Страна на издаване
Страна на създаване/издаване България
260 ## - Област на издателските данни
-- София
Име на издателя, разпространителя и проч. Нар. младеж
Година на издаване 1971
300 ## - Физическа характеристика
Страници 140 с.
Илюстрации и др. с ил.
Размери/Мащаб 25 см
380 ## - Жанр
Жанр Детска худож. лит.
500 ## - Общи забележки
Забележка 16 100 тир.
600 14 - Име на лице, използвано като предмет
За него / За нея Чонос, Боян Иванов
9 (RLIN) 223906
650 #4 - Допълнително описание по предмет – тема
Основно описание – тема или топоним Младежки организации и движения - България - история
9 (RLIN) 245109
650 #4 - Допълнително описание по предмет – тема
Основно описание – тема или топоним Чонос, Боян Иванов
9 (RLIN) 223906
653 ## - Ключова дума – ненормативна
Ключова дума детска литература
653 ## - Ключова дума – ненормативна
Ключова дума литература за деца
653 ## - Ключова дума – ненормативна
Ключова дума Боян Чонос
653 ## - Ключова дума – ненормативна
Ключова дума младежко революционно движение
653 ## - Ключова дума – ненормативна
Ключова дума РМС
653 ## - Ключова дума – ненормативна
Ключова дума разкази
700 1# - Други автори (авторска отговорност)
Лично име Трифонов, Георги Василев
Автороска отговорност (Описва отношението между автора и произведението) худож.
9 (RLIN) 373651
852 ## - Местоположение
Форматна сигнатура Цб 59075
856 4# - Електронен адрес и достъп
Електронен формат pdf - файл
Път до файла /url/
856 4# - Електронен адрес и достъп
Електронен формат pdf - файл
Път до файла /url/
942 ## - АРТИКУЛИ
Вид на библиотечния материал Книги
Скрит в OPAC Не
944 ## - СЪЗДАВАНЕ И РЕДАКЦИЯ на ЗАПИСА
Създаване/Редакция Създаване
Дата на регистрацията/редакция 29.07.2013
Статус, дата на статуса 29.07.2013 - от С1,Р / 29.07.2013
Служител, извършил регистрацията/редакцията Люсиена_Милчева
944 ## - СЪЗДАВАНЕ И РЕДАКЦИЯ на ЗАПИСА
Създаване/Редакция Редакция
Дата на регистрацията/редакция 13.09.2017
Статус, дата на статуса 29.07.2013 - от С1,Р / 29.07.2013
Служител, извършил регистрацията/редакцията Вася_Ганчева
999 ## - СИСТЕМНИ КОНТРОЛНИ НОМЕРА
Koha biblionumber 141525
Koha biblioitemnumber 141525
Наличности
Код за отписване Код за изгубен артикул Източник на класификационната схема Код за повреда Коз за рестрикции Код за отдаване Артикулен № Име на библиотеката - собственик Име на библиотеката, в която се намира в момента Статус (Текущо местоположение) Дата на вписване в системата Местоположение - отдел Цена в лева Инвентарен номер Систематично азбучна сигнатура Баркод Номер на екземпляра Цена в евро Служебна бележка Служебен тип на артикула Бележка за публиката
  Не е изгубен Universal Decimal Classification Не е повреден само за читалня ползва се в читалня 233171 Регионална библиотека "Любен Каравелов" Русе Регионална библиотека "Любен Каравелов" Русе Хранилище 1971-01-01 Хранилище 0.41 97493 Цб 590075 120000097493 1 0.21 Вид: СФ N: стар фонд Дата: 01.01.1971 Книги  
Изтеглен Не е изгубен   Не е повреден без рестрикции заемане за дома 233172 Регионална библиотека "Любен Каравелов" Русе Регионална библиотека "Любен Каравелов" Русе   1971-01-01 Детски отдел 0.41 98299 ДХ 886.7/Н 74 98299 2 0.21 Вид: СФ N: стар фонд Дата: 01.01.1971 Дата инв: 09.09.2015 Бележки инв: Д2015 Книги Отч.N: 29/2017 , Дата: 17.08.2017
Изтеглен Не е изгубен Universal Decimal Classification Не е повреден без рестрикции заемане за дома 233173 Регионална библиотека "Любен Каравелов" Русе Регионална библиотека "Любен Каравелов" Русе Заемна - подръчен фонд 1971-01-01 Заемна - подръчен фонд 0.41 98145 П 886.7-32/Н 74 98145 3 0.21 Вид: СФ N: стар фонд Дата: 01.01.1971 Книги  
Vip Innovations Ltd, Rousse, Bulgaria 2025